Equipes finale Italie - France Coupe du monde 2006 - Statistiques

Statistiques générales
  • Ce quiz a été pris 826 fois
  • Le résultat moyen est 26 sur 48
Statistiques - réponses
N Poste Joueurs % Correct
1 G Gianluigi Buffon
98%
10 M Zinédine Zidane
90%
21 M Andrea Pirlo
88%
16 G Fabien Barthez
88%
5 D Fabio Cannavaro
88%
23 D Marco Materazzi
87%
12 A Thierry Henry
86%
10 A Francesco Totti
83%
7 A Alessandro Del Piero
79%
22 M Franck Ribéry
79%
4 M Patrick Vieira
76%
20 A David Trezeguet
75%
15 D Lilian Thuram
75%
6 M Claude Makélélé
71%
19 D Willy Sagnol
70%
8 M Gennaro Gattuso
69%
E Raymond Domenech
67%
3 D Fabio Grosso
66%
7 M Florent Malouda
66%
19 D Gianluca Zambrotta
65%
9 A Luca Toni
63%
13 D Alessandro Nesta
62%
5 D William Gallas
60%
3 D Éric Abidal
59%
23 G Grégory Coupet
58%
4 M Daniele De Rossi
51%
18 A Filippo Inzaghi
51%
11 A Sylvain Wiltord
48%
E Marcello Lippi
46%
16 M Mauro Camoranesi
46%
1 G Mickaël Landreau
45%
18 M Alou Diarra
38%
9 A Sidney Govou
37%
11 A Alberto Gilardino
30%
2 D Jean-Alain Boumsong
29%
6 D Andrea Barzagli
28%
17 D Gaël Givet
27%
14 A Louis Saha
25%
21 D Pascal Chimbonda
25%
15 A Vincenzo Iaquinta
25%
20 M Simone Perrotta
24%
8 M Vikash Dhorasoo
23%
13 D Mikaël Silvestre
18%
12 G Angelo Peruzzi
16%
22 D Massimo Oddo
16%
2 D Cristian Zaccardo
14%
14 G Marco Amelia
14%
17 M Simone Barone
9%
Aucun quiz correspondant
Distribution des résultats
% des personnes avec chaque résultat
Percentile par nombre de réponses
Votre historique - résultats
Vous n’avez pas pris ce quiz